000 00674nam a22002177a 4500
005 20251108173334.0
008 250721s1996 xx 000 0 ara d
020 _a977536681x
082 1 4 _aط/ق
100 1 _aالبجيرمي، سامي
245 1 0 _aالفيضان /
264 1 _aالقاهرة :
_bمكتبة الدار العربية للكتاب،
_c1996.
300 _a15 ص.
490 0 _aمن أساطير و حكايات الشعوب : فرنسا
_v10
650 1 7 _aالقصص الخرافية
650 1 7 _aفرنسا
653 _aناشئون صغار (10-14 سنة)
700 1 _aقطب، محمد
_eCart.
942 _2ddc
_cBK
999 _c101597
_d101597